[Event "FRA-ch U12 Girls"]
[Site "Nimes"]
[Date "2012.04.15"]
[Round "2"]
[White "Labbe, Emma"]
[Black "Hadji, Rasmie"]
[Result "0-1"]
[WhiteElo "1410"]
[BlackElo "1680"]
[PlyCount "112"]
[EventDate "2012.04.14"]
[EventType "swiss"]
[EventRounds "9"]
[EventCountry "FRA"]
[SourceTitle "CBM 148 Extra"]
[Source "ChessBase"]
[SourceDate "2012.06.22"]
[SourceVersion "1"]
[SourceVersionDate "2012.06.22"]
[SourceQuality "1"]

1. e4 c6 2. Nc3 d5 3. exd5 cxd5 4. Nf3 Bf5 5. Bb5+ Nc6 6. Bxc6+ bxc6 7. d4 e6 8. Bg5 Nf6 9. Bxf6 Qxf6 10. 0-0 Bd6 11. Re1 0-0 12. Ne5 Qh6 13. Ng4 Bxg4 14. Qxg4 Qxh2+ 15. Kf1 Qf4 16. Qxf4 Bxf4 17. Ne2 Bg5 18. Rad1 Rab8 19. b3 Rfc8 20. Rd3 c5 21. Rc3 cxd4 22. Rxc8+ Rxc8 23. Nxd4 Bf6 24. Rd1 h6 25. c4 dxc4 26. bxc4 Rxc4 27. Nf3 Ra4 28. Rd7 Rxa2 29. g3 a5 30. Ra7 a4 31. Kg2 a3 32. g4 Ra1 33. Kg3 a2 34. Kf4 g5+ 35. Kg3 Be5+ 36. Nxe5 Rg1+ 37. Kh2 a1Q 38. Rxa1 Rxa1 39. Kg3 Kg7 40. f3 f5 41. gxf5 exf5 42. f4 Ra3+ 43. Kh2 gxf4 44. Kg2 h5 45. Kf2 Rb3 46. Ke2 Re3+ 47. Kf2 Rxe5 48. Kf3 Re4 49. Kg2 Re3 50. Kf2 Kg6 51. Kg2 Kg5 52. Kf2 Kg4 53. Kg2 Re2+ 54. Kf1 Kf3 55. Kg1 Ra2 56. Kf1 Ra1# 0-1